000 00582nam a22001817a 4500
999 _c183992
_d183992
005 20220110125509.0
010 _aENG-131053
020 _a978-93-528-380-97
_c495.00
035 _aEN-114585
037 _bDBAD
082 _a485
100 _aSingh, Meena
245 _aISC ART OF EFFECTIVE ENGLISH WRITING:
_cMeena Singh, O.P. Singh
_bFOR CLASSES XI-XII/
260 _aNew Delhi
_bS Chand School Books
_c2013
270 _bNew Delhi
_aA-27, 2nd Floor, Mohan Co-operative Industrial Estate
_e110044
300 _a541p.
_c23cm(pbk)
942 _2ddc
_cEN
_h485
_mMEE